| 000 | 00903nam a22002177a 4500 | ||
|---|---|---|---|
| 999 |
_c4566 _d4566 |
||
| 003 | AR-CdUCM | ||
| 008 | 190311b ||||| |||| 00| 0 spa d | ||
| 040 |
_aMUNICIPALIDAD PROVINCIAL DEL CUSCO _cBIBLIOTECA MUNICIPAL DEL CUSCO |
||
| 082 |
_a985.01 / _bB95 |
||
| 100 |
_aBuse de la Guerra, Hermann _914272 |
||
| 245 | _aPeru 10.000 años / | ||
| 260 |
_aLima : _bP.L Villanueva S.A , _c1962. |
||
| 300 |
_a273 páginas ; _c25 cm. |
||
| 440 |
_aColeccion Nueva Cronica _914273 |
||
| 505 | _aContenido : Arqueologia 1961 -- Precerámico y culturas líticas -- Amanecer del Hombre -- Primer Monumento -- El complejo sureño: Alfareros y pintores - Chancay, incursíon al pasado -- Defensa del Patrimonio Arqueológico Nacional... | ||
| 650 |
_aHistoria del Perú _9259 |
||
| 650 |
_aCulturas Precolombinas _914274 |
||
| 650 |
_aCulturas Antiguas del Perú _914275 |
||
| 942 |
_2ddc _cLIBROS |
||
| 945 | _artm | ||